| 000 | 00824nam a2200241 u 4500 | ||
|---|---|---|---|
| 005 | 20230202063600.0 | ||
| 008 | 160912s2015 mx r 000 0 spa d | ||
| 020 | _a9786079423070 (CESOP) | ||
| 020 | _a9786077112846 (Juan Pablos) | ||
| 035 | _aUPN01000213141 | ||
| 049 | _aCG | ||
| 050 | 4 |
_aHD6077.2 M6 _bP3.2 |
|
| 100 | 1 |
_aPaz Paredes, Lorena _939699 |
|
| 245 | 1 | 0 |
_aAmbientalismo, género y violencia : _bcampesinas ecologistas de la Sierra de Petatlán, Guerrero / _cLorena Paz Paredes. |
| 260 |
_aMéxico : _bCESOP, _bJuan Pablos, _cc2015. |
||
| 300 | _a165 p. | ||
| 650 | 4 |
_aMUJERES EN LA AGRICULTURA - _zMEXICO _96795 |
|
| 650 | 2 |
_aMujeres campesinas _917027 |
|
| 650 | 4 |
_aViolencia contra las mujeres _zMéxico _922959 |
|
| 651 | 4 |
_aGUERRERO - _xCONDICIONES RURALES _916269 |
|
| 905 | _aLibro | ||
| 999 |
_c185241 _d185241 |
||